000 02910cam a22007334i 4500
003 PE-LiUPU
005 20250731170423.0
008 180627s2018 sp a rb 000 0 spa d
020 _a8436839323
020 _a9788436839326
035 _a(Sirsi) a249087
040 _aPE-LiUPU
_bspa
_cPE-LiUPU
_erda
049 _aPRUA
082 0 4 _a153.93
_bM96
_220
100 1 _aMuñiz, José,
_eautor.
245 1 0 _aIntroducción a la psicometría :
_bteoría clásica y TRI /
_cJosé Muñiz.
264 1 _aMadrid :
_bPirámide,
_c2018.
300 _a373 páginas :
_bilustraciones ;
_c24 centímetros.
336 _atext
_2rdacontent
337 _aunmediated
_2rdamedia
338 _avolume
_2rdacarrier
490 0 _aColección Psicología
504 _aBibliografía: páginas 351-373.
505 0 _aIntroducción -- Fiabilidad -- Validez -- Análisis de los ítems -- Transformación de las puntuaciones -- Equiparación de las puntuaciones -- Teoría de respuesta a los ítems -- Fases para la construcción de un test -- Utilización de los test Mirando hacia el futuro.
526 _aSEG68
526 _aSEG70
526 _aSEG69
526 _aSEG67
526 _aSEG43
526 _aP144
526 _aP143
526 _aP131
526 _aP122
526 _aP120
526 _aP117
526 _aP112
526 _aP110
526 _aP106
526 _aP101
526 _aP80
526 _aP59
526 _aP54
526 _aP35
526 _aP33
526 _aP30
541 _g002-00000084;
541 _gF002-00000791;
541 _gF002-00002206;
650 0 4 _aPsicometría.
650 0 4 _aTest psicológicos.
650 0 4 _aPsychometry.
650 0 4 _aPsychological tests.
910 _adbm
_bcsm
_ccsm
_d20180627
910 _aadbm
_bjpc
_cjpc
_d20190211
910 _adbm
_brrch
_crrch
_d20190820
942 _2ddc
_cBOOK
949 _a153.93 M96
_wDEWEY
_c1
_iFT04270
_lCCODEBUT1
_mBUT
_p50.30
_r0
_sY
_tBOOK
_u2022-03-29
_xSALUD
_PP33
_0COMPRA
_o.STAFF. Colección General Tarapoto
994 _aC0
_bPEPRU
596 _a1 2
999 _a153.93 M96
_wDEWEY
_c28680
_i78750
_d28680
_e2019-8-20
_f2021-11-3
_g4
_lCCODEBUL1
_mBUL
_n5
_p52.27
_q1
_r0
_sY
_tBOOK
_u2018-6-27
_xSALUD
_zP33
_0COMPRA
_1FCOMPRA
_o.STAFF. Colección Ciencias de la Salud
999 _a153.93 M96
_wDEWEY
_c2
_i80354
_f2021-11-3
_g3
_lCCODEBUL1
_mBUL
_p47.00
_r0
_sY
_tBOOK
_u2019-8-20
_xSALUD
_zP33
_0COMPRA
_o.STAFF. Colección Ciencias de la Salud
999 _a153.93 M96
_wDEWEY
_c1
_iFT04270
_d2022-7-6
_e2022-7-6
_kCHECKEDOUT
_lCCODEBUT1
_mBUT
_n1
_p50.30
_rM
_sY
_tBOOK
_u2022-3-29
_xSALUD
_PP33
_0COMPRA
_1FCOMPR4
980 _81
_gALBERTO SANCHEZ Responsable de Automatización